000 00595 a2200205 4500
999 _c32127
_d32127
003 OSt
005 20260218131406.0
008 260218b ||||| |||| 00| 0 eng d
020 _a9789387788305
040 _c.
082 _a621.815
_bN2187
100 _96624
_aNarayana, K. L.
245 _aMachine Drawing /
_cK. L. Narayana P. Kannaiah and K. Venketa Reddy
260 _bNew Age International Pvt Ltd Publishers 
_aNew Delhi :
_c2019.
300 _a468 p.
650 0 _9975
_aMachine Drawing
700 _96625
_aKannaiah, P.
700 _96626
_aReddy, K. Venketa
942 _2ddc
_cBK